| 000 | 00575nam a2200193 u 4500 | ||
|---|---|---|---|
| 001 | 000020281 | ||
| 005 | 20200929170339.0 | ||
| 008 | 100802s2015 dr r 000 0 spa d | ||
| 020 | _a9789974998810 | ||
| 040 |
_aDO-SdBNP _bspa _cBNPHU |
||
| 082 |
_axxx _bxxx |
||
| 100 | 1 |
_aPineda, Rafael _910784 |
|
| 245 | 1 | 0 |
_aNo siempre el café está caliente / _cRafael Pineda. |
| 260 |
_aSanto Domingo : _bAntíjesis, _c2015. |
||
| 300 |
_a68 p. ; _c21 cm. |
||
| 490 | 1 | _aSigno de lira | |
| 500 | _aIncluye datos biográficos del autor en la solapa | ||
| 830 | 0 |
_aSigno de lira _942915 |
|
| 999 |
_c19785 _d19785 |
||